Roblox Bedwars Gamemode quiz - Statistics

General Stats
  • This quiz has been taken 212 times
  • The average score is 4 of 14
Answer Stats
Hint Answer % Correct
S Squads
94%
S Solos
71%
3 30v30
45%
D Duos
43%
D Duels
39%
L Lucky blocks
27%
R Ranked
25%
S Skywars
15%
V Voice chat
14%
I Infection
13%
1 100v100
12%
B Bed Royale
12%
C Custom
12%
1 16v16
9%
No matching quizzes found
Score Distribution
Percent of People with Each Score
Percentile by Number Answered
Your Score History
You have not taken this quiz